| 000 | 01827nam0a2200361 4500 | ||
|---|---|---|---|
| 001 | RU\NLR\BIBL_A\022475888 | ||
| 005 | 20250324114637.0 | ||
| 010 |
_a978-5-9950-1050-0 _9100 |
||
| 021 |
_aRU _bКН-П-24-086934 _9КН-П-24-8637 |
||
| 035 | _a(NLR Aleph) 022475888 | ||
| 090 |
_a13372171 _c13372171 |
||
| 100 | _a20250303d2024 k y0rusy50 ca | ||
| 101 | 0 | _arus | |
| 102 | _aRU | ||
| 105 | _aa z 000yy | ||
| 181 | 0 |
_ai _baxxe |
|
| 182 | 0 | _an | |
| 200 | 1 |
_aЭтническая карта России в 20-е годы _eисторико-демографическое исследование _fС. А. Кропачев |
|
| 203 |
_aТекст _bвизуальный _cнепосредственный |
||
| 210 |
_aМосква _cКучково поле _d2024 |
||
| 215 |
_a191 с. _cтабл. _d22 |
||
| 300 | _aНа 3-й с. обл. авт.: С. А. Кропачев, д-р ист. наук, действ. чл. РАЕН, чл.-кор. Акад. воен.-ист. наук, засл. учитель Кубани, засл. работник народ. образования Респ. Адыгея | ||
| 320 | _aБиблиогр.: с. 186-187 (31 назв.) | ||
| 320 | _aДр. кн. авт. на 3-й с. обл. | ||
| 606 | 1 |
_aНаселение _xНациональный состав _yРоссийская Федерация _92093896 _3RU\NLR\AUTH\661267105 |
|
| 606 | 1 |
_aНаселение _xНациональный состав _yСССР _z1920-ые гг. _92664941 _3RU\NLR\AUTH\6601752968 |
|
| 686 | 1 | _aС73(2Р)7-234 | |
| 686 | 1 | _aС73(2)7-234 | |
| 700 | 1 |
_7ca _8rus _aКропачев _bС. А. _cд-р ист. наук _f1958- _gСергей Александрович _9198778 _3RU\NLR\AUTH\770198829 |
|
| 942 | _cBOOK | ||
| 980 | _aNB | ||